3D animation with Maya 7

Gespeichert in:
Bibliographische Detailangaben
1. Verfasser: Beckmann, Patricia
Format: Buch
Sprache:Undetermined
Veröffentlicht: Clifton Park, NY Delmar Thomson Learning 2007
Schlagworte:
Tags: Tag hinzufügen
Keine Tags, Fügen Sie den ersten Tag hinzu!
Thư viện lưu trữ: Trung tâm Học liệu Trường Đại học Cần Thơ
LEADER 00639nam a2200193Ia 4500
001 CTU_212541
008 210402s9999 xx 000 0 und d
082 |a 006.696 
082 |b B393 
100 |a Beckmann, Patricia 
245 0 |a 3D animation with Maya 7 
245 0 |c Patricia Beckmann, Phil Young 
260 |a Clifton Park, NY 
260 |b Delmar Thomson Learning 
260 |c 2007 
650 |a Computer animation,Three-dimensional display systems,Hiệu ứng máy tính,Hiệu ứng 3D 
904 |i Nguyên 
910 |a Kèm CD ÐKCB số AVA.000215 
980 |a Trung tâm Học liệu Trường Đại học Cần Thơ